| 000 | 00425nam a2200157Ia 4500 | ||
|---|---|---|---|
| 008 | 210719s2004 xx 000 0 und d | ||
| 041 | _aeng | ||
| 082 | _a620.8 DSOB | ||
| 100 | _aDSOUZA (L) and Others | ||
| 245 | _aBiotechnology for a better future. | ||
| 260 |
_aMangalore _bSAC Publications _c2004 |
||
| 300 |
_a320 _bPB |
||
| 365 |
_b650 _cRs |
||
| 650 | _aBiotechnology | ||
| 906 | _aBiotechnology St. Aloysius College | ||
| 999 |
_c213883 _d213883 |
||